000 00857nam a2200217Ia 4500
999 _c40266
_d40266
001 6874
003 GE_BSU
005 20200203115525.0
008 181216s||||||||xx |||||||||||||| ||und||
040 _cGE_BSU
041 _ageo
080 _a821.353.1-4+908(479.22) გ-69
100 _aგორგაძე, რევაზ.
_96671
245 _aსიყვარულს უშენებია :
_bნარკვევი /
_cრევაზ გორგაძე ; რედ. ჯემალ ხოფერია.
264 _aბათუმი :
_bსაბჭ.აჭარა,
_c1973.
300 _a41 გვ. ;
_c17 სმ.
653 _aსიყვარულს უშენებია
653 _aნარკვევი
700 _aხოფერია, ჯემალ
_eრედაქტორი
_93862
942 _cBK
_2udc